000 01126nkm a2200373 b 4500
001 01245
003 DO-SdBNP
005 20230315112401.0
007 00286910
008 060721s2010 sp spa
016 7 _a
_2BPMSU
017 _a
_b
020 _a9788478886647
035 _a
040 _aBPMSU
_bspa
_cBPMSU
_e
082 4 _a823.91
_bR884H, 2010
_222
092 _2
100 _4Rowling, J. K.,
_e1965-
245 1 0 _aHarry Potter y el cáliz de fuego /
_cJ. K. Rowling ; traducción de Adolfo Muñoz García y Nieves Martín Azofra
_h
_b
250 _314a. ed.
260 _aBarcelona :
_bSalamandra,
_c2010
_e
_f
300 _a635 p. ;
_c22 cm.
490 _3Harry Potter
_v4
534 _aTítulo original
_tHarry potter and the globet of fire.
590 _6Inventariado, 2023/VM
650 4 _aNovela juvenil inglesa
650 4 _aMagia
_vNovela
700 1 _a Muñoz García, Adolfo
_etr.
700 1 _aMartín Azofra, Nieves
_e tr.
830 _aHarry Potter
_3 4
910 _aVMATEO V. Control de calidad (BPMSU)
942 _2ddc
_cBK
980 _a
_a
_b
_j
_c
999 _c10958
_d10958